<?xml version="1.0" encoding="UTF-8"?>
<record
    xmlns:xsi="http://www.w3.org/2001/XMLSchema-instance"
    xsi:schemaLocation="http://www.loc.gov/MARC21/slim http://www.loc.gov/standards/marcxml/schema/MARC21slim.xsd"
    xmlns="http://www.loc.gov/MARC21/slim">

  <leader>02127nam a22002537a 4500</leader>
  <datafield tag="999" ind1=" " ind2=" ">
    <subfield code="c">6623</subfield>
    <subfield code="d">6623</subfield>
  </datafield>
  <controlfield tag="003">OSt</controlfield>
  <controlfield tag="005">20200302155430.0</controlfield>
  <controlfield tag="008">200302s1998    ck ||||gr|||| 00| p spa d</controlfield>
  <datafield tag="020" ind1=" " ind2=" ">
    <subfield code="a">9582003979</subfield>
  </datafield>
  <datafield tag="040" ind1=" " ind2=" ">
    <subfield code="a">CO-JMCR</subfield>
    <subfield code="c">CO-JMCR</subfield>
  </datafield>
  <datafield tag="041" ind1=" " ind2=" ">
    <subfield code="a">spa</subfield>
  </datafield>
  <datafield tag="082" ind1="0" ind2="4">
    <subfield code="a">P /</subfield>
    <subfield code="b">ROCt</subfield>
  </datafield>
  <datafield tag="100" ind1="1" ind2=" ">
    <subfield code="a">Roca, Juan Manuel, </subfield>
    <subfield code="e">autor</subfield>
    <subfield code="9">1062</subfield>
  </datafield>
  <datafield tag="245" ind1="1" ind2=" ">
    <subfield code="a">Tertulias de ausente / </subfield>
    <subfield code="c">Juan Manuel Roca</subfield>
  </datafield>
  <datafield tag="250" ind1=" " ind2=" ">
    <subfield code="a">1a. edici&#xF3;n </subfield>
  </datafield>
  <datafield tag="260" ind1=" " ind2=" ">
    <subfield code="a">Bogot&#xE1; ( Colombia) : </subfield>
    <subfield code="b">Magisterio, </subfield>
    <subfield code="c">1998</subfield>
  </datafield>
  <datafield tag="300" ind1=" " ind2=" ">
    <subfield code="a">106 p&#xE1;ginas ;</subfield>
    <subfield code="c">21 cm.</subfield>
  </datafield>
  <datafield tag="500" ind1=" " ind2=" ">
    <subfield code="a">Incluye datos biogr&#xE1;ficos del autor en solapa frontal.</subfield>
  </datafield>
  <datafield tag="505" ind1=" " ind2=" ">
    <subfield code="a">Omar Khayyam -- Un bodeg&#xF3;n para el conde -- Helen Keller -- Flores prohibidas -- Georg Trakl -- Borges -- Marc trakl -- En memoria de Heinrich Von Kleist y Henriette Vogel -- Leyenda del bosque de bamb&#xFA;es -- Carta para Luis Tejada -- Coronaci&#xF3;n de Gardel -- Ahaverus, jud&#xED;o errante -- Encuentro con ahasverus -- Algunos lo vieron -- Un Gitano -- Un soldado -- Relaci&#xF3;n de algunos viajes Mon&#xF3;logos llega un viento -- Visita m&#xED;tica de karl Marx a Bettina Brentano -- Una carta C&#xE9;sar Vallejo invita a una cena -- Oyendo a Louis Armstrong -- Tr&#xED;ptico de colama -- Este es el sol -- Boca de luz -- Urgente, Carlos Mart&#xED;nez Rivas -- Una semana de Bondad -- Leyendo a Gaspar de la noche -- F&#xE1;bulas de fabulistas -- Un sue&#xF1;o para Freud -- Un Sol para Mandela -- Cr&#xF3;nica del que Ar&#xF3; en el mar -- Mapa del caminante -- Farmacia del &#xC1;ngel -- Cinco veces Van Gogh -- Exorcismos ante el grito de Mucnch -- Del tiempo en Spoon River -- Merodeos en la casa del se&#xF1;or Rimbaud -- Artes del silencio -- Su hogar era el fuego -- El lap&#xED;z nocturno -- La aldea -- La sombra de Rimbaud -- Viejas familias -- La infusi&#xF3;n Avaro como el mar -- Carta sin regreso -- Informe de bolsillo -- Ante dos cuadros de Lucas Cranach -- Escenario para Chaplin -- Ejercicios del silencio -- Balada para Dylan Thomas F&#xE1;bulas de Picasso -- Visita al cabaret voltaire -- Mon&#xF3;logo de la Abadesa -- Como Amad&#xED;s de Gaula en la ciudad </subfield>
  </datafield>
  <datafield tag="546" ind1=" " ind2=" ">
    <subfield code="a">spa</subfield>
  </datafield>
  <datafield tag="650" ind1="2" ind2="4">
    <subfield code="a">Poes&#xED;a </subfield>
    <subfield code="z">Colombiana </subfield>
    <subfield code="9">1063</subfield>
  </datafield>
  <datafield tag="650" ind1="2" ind2="4">
    <subfield code="a">Literatura </subfield>
    <subfield code="z">Colombiana </subfield>
    <subfield code="9">1064</subfield>
  </datafield>
  <datafield tag="942" ind1=" " ind2=" ">
    <subfield code="2">ddc</subfield>
    <subfield code="c">BK</subfield>
  </datafield>
  <datafield tag="952" ind1=" " ind2=" ">
    <subfield code="0">0</subfield>
    <subfield code="1">0</subfield>
    <subfield code="2">ddc</subfield>
    <subfield code="4">0</subfield>
    <subfield code="7">0</subfield>
    <subfield code="a">CPL</subfield>
    <subfield code="b">CPL</subfield>
    <subfield code="c">PROC</subfield>
    <subfield code="d">2019-12-19</subfield>
    <subfield code="e">Donaci&#xF3;n</subfield>
    <subfield code="g">0.00</subfield>
    <subfield code="l">3</subfield>
    <subfield code="m">2</subfield>
    <subfield code="o">P / ROCt</subfield>
    <subfield code="p">201808577</subfield>
    <subfield code="r">2026-01-21 21:00:43</subfield>
    <subfield code="s">2026-01-21</subfield>
    <subfield code="t">Ej.1</subfield>
    <subfield code="w">2020-03-02</subfield>
    <subfield code="y">BK</subfield>
  </datafield>
</record>
